|
|
|
|
| LEADER |
00000cam a22000004a 4500 |
| 001 |
musev2_58191 |
| 003 |
MdBmJHUP |
| 005 |
20230905045953.0 |
| 006 |
m o d |
| 007 |
cr||||||||nn|n |
| 008 |
171024s2018 inu o 00 0 eng d |
| 010 |
|
|
|z 2017051414
|
| 020 |
|
|
|a 9780253035523
|
| 020 |
|
|
|z 9780253034113
|
| 020 |
|
|
|z 9780253035547
|
| 020 |
|
|
|z 9780253035530
|
| 035 |
|
|
|a (OCoLC)1008762914
|
| 040 |
|
|
|a MdBmJHUP
|c MdBmJHUP
|
| 041 |
1 |
|
|a eng
|h rus
|
| 100 |
1 |
|
|a Bely, Andrey,
|d 1880-1934,
|e author.
|
| 240 |
1 |
0 |
|a Peterburg.
|l English
|s (Maguire and Malmstad)
|
| 245 |
1 |
0 |
|a Petersburg /
|c Andrei Bely ; translated, annotated, and introduced by Robert A. Maguire and John E. Malmstad ; foreword by Olga Matich.
|
| 264 |
|
1 |
|a Bloomington, Indiana :
|b Indiana University Press,
|c 2018.
|
| 264 |
|
3 |
|a Baltimore, Md. :
|b Project MUSE,
|c 2018
|
| 264 |
|
4 |
|c ©2018.
|
| 300 |
|
|
|a 1 online resource (404 pages).
|
| 336 |
|
|
|a text
|b txt
|2 rdacontent
|
| 337 |
|
|
|a computer
|b c
|2 rdamedia
|
| 338 |
|
|
|a online resource
|b cr
|2 rdacarrier
|
| 505 |
0 |
|
|a Chapter the first: in which an account is given of a certain worthy person, his mental games, and the ephemerality of being -- Chapter the second: in which an account is given of a certain rendezvous fraught with consequences -- Chapter the third: in which is described how Nikolai Apollonovich Ableukhov makes a fool of himself and his venture -- Chapter the fourth: in which the line of the narrative is broken -- Chapter the fifth: in which an account is given of the little fellow with the wart by his nose and of the sardine tin with horrible contents -- Chapter the sixth: in which are related the events of a gray little day -- Chapter the seventh: or, the events of a gray little day go on and on -- Chapter the eighth: and last -- Epilogue.
|
| 588 |
|
|
|a Description based on print version record.
|
| 650 |
|
7 |
|a City and town life.
|2 fast
|0 (OCoLC)fst00862081
|
| 650 |
|
7 |
|a FICTION
|x Classics.
|2 bisacsh
|
| 650 |
|
7 |
|a FICTION
|x General.
|2 bisacsh
|
| 650 |
|
6 |
|a Vie urbaine
|v Romans, nouvelles, etc.
|
| 650 |
|
0 |
|a City and town life
|v Fiction.
|
| 651 |
|
7 |
|a Russia (Federation)
|z Saint Petersburg.
|2 fast
|0 (OCoLC)fst01212867
|
| 651 |
|
0 |
|a Saint Petersburg (Russia)
|v Fiction.
|
| 655 |
|
7 |
|a Fiction.
|2 fast
|0 (OCoLC)fst01423787
|
| 655 |
|
7 |
|a Electronic books.
|2 local
|
| 700 |
1 |
|
|a Matich, Olga,
|e writer of foreword.
|
| 700 |
1 |
|
|a Malmstad, John E.,
|e translator.
|
| 700 |
1 |
|
|a Maguire, Robert A.,
|d 1930-2005,
|e translator.
|
| 710 |
2 |
|
|a Project Muse.
|e distributor
|
| 830 |
|
0 |
|a Book collections on Project MUSE.
|
| 856 |
4 |
0 |
|z Texto completo
|u https://projectmuse.uam.elogim.com/book/58191/
|
| 945 |
|
|
|a Project MUSE - Custom Collection
|
| 945 |
|
|
|a Project MUSE - 2018 Complete
|
| 945 |
|
|
|a Project MUSE - 2018 Poetry, Fiction and Creative Non-Fiction
|